[Event "Druzynowe Mistrzostwa Polski w Szachach I LIGA 2021"]
[Site "Szklarska Poreba"]
[Date "1899-12-30"]
[Round "3.70"]
[White "Wojdak, Jan"]
[Black "Augustyn, Sebastian"]
[Result "1-0"]
[WhiteTitle "I++"]
[BlackTitle "k"]
[WhiteElo "2185"]
[BlackElo "2147"]

1. e4 c5 2. Nf3 Nf6 3. e5 Nd5 4. b3 Nc6 5. Bb2 a6 6. Bc4 e6 7. O-O Be7 8. a4 O-O
9. Qe2 Nb6 10. Bd3 d5 11. exd6 Qxd6 12. Be4 Nd4 13. Nxd4 cxd4 14. Qd3 f5 15. Qxd4
Qxd4 16. Bxd4 Nd7 17. Bd3 e5 18. Bc4+ Kh8 19. Bb2 Bf6 20. Re1 e4 21. Bxf6 Nxf6
22. Nc3 Bd7 23. Nd5 Rad8 24. Nxf6 Rxf6 25. a5 Bc6 26. d3 Rg6 27. g3 Rgd6 28. Re2
g6 29. Rd2 Kg7 30. Rad1 exd3 31. Rxd3 Rxd3 32. cxd3 Kf6 33. f4 g5 34. Kf2 gxf4
35. gxf4 Bd5 36. Ke3 Re8+ 37. Kd2 Rd8 38. Kc3 Rd7 39. Re1 Bf7 40. d4 Bd5 41. Re5
Be4 42. Re6+ Kg7 43. Re5 Kg6 44. d5 Kh5 45. Be2+ Kh4 46. Kd4 Kh3 47. Bd3 Bxd3
48. Kxd3 Kg4 49. Ke3 h5 50. h3+ Kxh3 51. Rxf5 h4 52. Rg5 Kh2 53. Kd4 h3 54. f5
Kh1 55. f6 h2 56. Rg7 Rd8 57. f7 Rf8 58. Ke5 b5 59. axb6 a5 60. b7 a4 61. b8=Q
Rxb8 62. Rg8 1-0

[Event "Druzynowe Mistrzostwa Polski w Szachach I LIGA 2021"]
[Site "Szklarska Poreba"]
[Date "1899-12-30"]
[Round "3.71"]
[White "Mika, Tomasz"]
[Black "Bardeli, Lukasz"]
[Result "1-0"]
[WhiteTitle "I++"]
[BlackTitle "FM"]
[WhiteElo "2137"]
[BlackElo "2178"]

1. d4 Nf6 2. c4 g6 3. Nc3 d5 4. Nf3 Bg7 5. h4 dxc4 6. e4 Bg4 7. e5 Nh5 8. Qa4+
c6 9. Qxc4 Bxf3 10. gxf3 O-O 11. Be3 a5 12. a4 Kh8 13. Ne4 Nd7 14. Ng5 Qe8 15.
f4 Nb6 16. Qc1 e6 17. Be2 f5 18. Qc5 Nd5 19. Bxh5 gxh5 20. Qd6 c5 21. Nxe6 Nxe3
22. fxe3 Ra6 23. Nxg7 Qf7 24. Qxc5 Qxg7 25. d5 Qg3+ 26. Kd2 Raa8 27. Qd4 h6 28.
Rac1 Rac8 29. e6+ Kh7 30. Rhg1 Qf2+ 31. Kd3 Rg8 32. Rxc8 Qxg1 33. Rxg8 1-0

[Event "Druzynowe Mistrzostwa Polski w Szachach I LIGA 2021"]
[Site "Szklarska Poreba"]
[Date "1899-12-30"]
[Round "3.72"]
[White "Szelag, Zuzanna"]
[Black "Jalowiec, Halina"]
[Result "1/2-1/2"]
[WhiteTitle "k"]
[BlackTitle "WFM"]
[WhiteElo "1839"]
[BlackElo "1862"]

1. e4 e5 2. Nf3 d6 3. d4 exd4 4. Nxd4 Nf6 5. Nc3 Be7 6. Bf4 O-O 7. g3 Re8 8. Bg2
Bf8 9. O-O c6 10. a4 Na6 11. Qd2 Nb4 12. Bg5 h6 13. Bxf6 Qxf6 14. Nce2 a5 15.
c3 Na6 16. Nf4 Nc5 17. Rfe1 Be6 18. Nfxe6 Nxe6 19. Nxe6 Qxe6 20. Red1 Qc4 21.
Qc2 Rad8 22. Rd4 Qc5 23. Rad1 Qb6 24. R4d2 Be7 25. Rd3 Rf8 26. R3d2 Qc7 27. Bh3
Bg5 28. Rd4 Bf6 29. R4d3 Rfe8 30. Bg2 Be7 1/2-1/2

[Event "Druzynowe Mistrzostwa Polski w Szachach I LIGA 2021"]
[Site "Szklarska Poreba"]
[Date "1899-12-30"]
[Round "3.73"]
[White "Lewtak, Damian"]
[Black "Kaczmarek, Aleksander"]
[Result "1/2-1/2"]
[WhiteTitle "IM"]
[BlackTitle "FM"]
[WhiteElo "2397"]
[BlackElo "2368"]

1. d4 f5 2. Bg5 Nf6 3. Bxf6 exf6 4. e3 d5 5. c4 Be6 6. Qb3 Nc6 7. Nc3 Bb4 8. a3
Bxc3+ 9. Qxc3 O-O 10. Ne2 g5 11. b3 Qd7 12. g3 Qf7 13. Rc1 Ne7 14. Bg2 c6 15.
Qc2 1/2-1/2

[Event "Druzynowe Mistrzostwa Polski w Szachach I LIGA 2021"]
[Site "Szklarska Poreba"]
[Date "1899-12-30"]
[Round "3.74"]
[White "Gahan, M G"]
[Black "Kumala, Aleksander"]
[Result "1-0"]
[WhiteTitle "FM"]
[BlackTitle "CM"]
[WhiteElo "2279"]
[BlackElo "2140"]

1. e4 e6 2. b3 d5 3. Bb2 dxe4 4. Nc3 Nf6 5. Qe2 Be7 6. Nxe4 a5 7. Nf3 a4 8. g3
O-O 9. Bg2 Nxe4 10. Qxe4 Bf6 11. Ne5 Qd5 12. O-O Qxe4 13. Bxe4 Rd8 14. d4 Nd7
15. Rfd1 axb3 16. axb3 Rxa1 17. Rxa1 c5 18. f4 cxd4 19. Bxd4 Nxe5 20. Bxe5 Bxe5
21. fxe5 Kf8 22. Ra8 Ke7 23. Rb8 Rd4 24. Bxb7 Bd7 25. Bf3 Rd2 26. c4 Rc2 27. h4
f6 28. exf6+ gxf6 29. h5 e5 30. Be4 Rc1+ 31. Kf2 f5 32. Bd5 Rc2+ 33. Ke1 Rc3 34.
b4 Rxg3 35. Rh8 Kd6 36. Rxh7 e4 37. h6 e3 38. Rg7 Rh3 39. h7 f4 40. Bg2 Rh2 41.
c5+ Ke6 42. c6 Bc8 43. Rg8 Rxh7 44. Rxc8 Ra7 45. Rd8 Ra1+ 46. Rd1 1-0

[Event "Druzynowe Mistrzostwa Polski w Szachach I LIGA 2021"]
[Site "Szklarska Poreba"]
[Date "1899-12-30"]
[Round "3.75"]
[White "Kasperek, Ryszard"]
[Black "Skomial, Mateusz"]
[Result "1/2-1/2"]
[WhiteTitle "m"]
[BlackTitle "I++"]
[WhiteElo "2163"]
[BlackElo "2062"]

1. e4 e5 2. Nf3 Nf6 3. Nc3 Nc6 4. Bb5 Nd4 5. O-O c6 6. Bd3 Nxf3+ 7. Qxf3 d6 8.
Bc4 b5 9. Bb3 a5 10. a3 Be7 11. d3 O-O 12. h3 Nd7 13. Be3 Nc5 14. Ba2 Ne6 15.
Ne2 Bf6 16. c3 Qe7 17. Ng3 g6 18. Rfd1 h5 19. b4 Ng5 20. Qe2 Bd7 21. Bb3 Ne6 22.
Nf1 Rfe8 23. Nh2 Nf4 24. Qd2 Ne6 25. Nf3 Ra6 26. a4 axb4 27. cxb4 bxa4 28. Rxa4
Rxa4 29. Bxa4 d5 30. exd5 cxd5 31. Bxd7 Qxd7 32. d4 e4 33. Ng5 Nc7 34. Rf1 Nb5
35. f3 Qa7 36. fxe4 1/2-1/2

[Event "Druzynowe Mistrzostwa Polski w Szachach I LIGA 2021"]
[Site "Szklarska Poreba"]
[Date "1899-12-30"]
[Round "3.76"]
[White "Kulesza, Andrzej"]
[Black "Puczylowski, Marcin"]
[Result "1-0"]
[WhiteTitle "I++"]
[BlackTitle "k"]
[WhiteElo "1983"]
[BlackElo "2103"]

1. e4 e6 2. d4 d5 3. Nd2 h6 4. Ngf3 Nf6 5. e5 Nfd7 6. Be2 c5 7. c3 Nc6 8. O-O g5
9. Nb3 Qb6 10. Rb1 c4 11. Nbd2 Qc7 12. Ne1 b5 13. Bh5 Rh7 14. f4 gxf4 15. Qc2
Rg7 16. Ndf3 Ndxe5 17. Nxe5 Nxe5 18. Bxf4 Bd6 19. dxe5 Bxe5 20. Bxe5 Qxe5 21.
Bf3 Bd7 22. Qf2 Qd6 23. Rd1 Bc6 24. Nc2 Qe7 25. Rfe1 Rg5 26. h4 Rg6 27. Nb4 Rc8
28. Nxc6 Rxc6 29. Bxd5 Rc5 30. Bf3 Rf5 31. Bc6+ Kf8 32. Qxf5 1-0

[Event "Druzynowe Mistrzostwa Polski w Szachach I LIGA 2021"]
[Site "Szklarska Poreba"]
[Date "1899-12-30"]
[Round "3.77"]
[White "Zurkowski, Andrzej"]
[Black "Paprocki, Antoni"]
[Result "0-1"]
[WhiteTitle "k+"]
[BlackTitle "I++"]
[WhiteElo "2031"]
[BlackElo "1894"]

1. c4 e5 2. Nc3 d6 3. g3 f5 4. Bg2 Nf6 5. d3 Be7 6. Rb1 a5 7. e3 O-O 8. Nge2 c6
9. O-O Be6 10. f4 Nbd7 11. a3 Qe8 12. b4 axb4 13. axb4 Bd8 14. b5 Nc5 15. bxc6
bxc6 16. Nb5 Qd7 17. Nbc3 e4 18. dxe4 Nfxe4 19. Nxe4 fxe4 20. Qc2 Ra4 21. Rb8
Qa7 22. Nd4 Rxc4 23. Qb1 Bd5 24. Rd1 Nd3 25. Rb7 Qa4 26. Bb2 Bf6 27. Rxd3 exd3
28. Bxd5+ cxd5 29. Qxd3 Rb4 30. Rxb4 Qxb4 31. Ba3 Qc4 32. Qd2 Rb8 33. Ne2 Rb3
34. Bc1 Rd3 35. Qe1 Qc2 36. Kf2 Bc3 37. Qh1 Rd1 38. Qf3 h6 39. Ba3 Be1+ 40. Kg2
Rd2 41. Kf1 Qd1 42. Bxd6 Bxg3+ 43. Kg2 Rxe2+ 44. Kxg3 Qg1+ 0-1

[Event "Druzynowe Mistrzostwa Polski w Szachach I LIGA 2021"]
[Site "Szklarska Poreba"]
[Date "1899-12-30"]
[Round "3.78"]
[White "Budkiewicz, Magdalena"]
[Black "Kasperek, Joanna"]
[Result "1-0"]
[WhiteTitle "k"]
[BlackTitle "k++"]
[WhiteElo "1827"]
[BlackElo "2053"]

1. e4 c5 2. Nf3 e6 3. d4 cxd4 4. Nxd4 a6 5. Nc3 b5 6. Bd3 d6 7. O-O Nf6 8. a4 b4
9. Na2 Qb6 10. Be3 Qb7 11. c3 bxc3 12. Nxc3 Nbd7 13. b4 Ne5 14. b5 Nxd3 15. Qxd3
Be7 16. Rfc1 O-O 17. Nc6 Ng4 18. Bf4 e5 19. Nd5 Bd8 20. Nxd8 Rxd8 21. Rc7 Qb8
22. Rac1 Be6 23. Bd2 axb5 24. axb5 Bxd5 25. Qxd5 Rf8 26. h3 Nf6 27. Qc6 h6 28.
Bb4 Nxe4 29. Qxe4 Qxb5 30. Bxd6 Rfe8 31. Qf3 f6 32. Rxg7+ Kxg7 33. Rc7+ Kg8 34.
Qg4+ 1-0

[Event "Druzynowe Mistrzostwa Polski w Szachach I LIGA 2021"]
[Site "Szklarska Poreba"]
[Date "1899-12-30"]
[Round "4.1"]
[White "Tomczak, Jacek"]
[Black "Marszalek, Maciej"]
[Result "1-0"]
[WhiteTitle "GM"]
[BlackTitle "FM"]
[WhiteElo "2589"]
[BlackElo "2291"]

1. e4 g6 2. d4 Bg7 3. Nc3 d6 4. Bg5 a6 5. f4 b5 6. Nf3 Bb7 7. Bd3 Nd7 8. e5 c5
9. Be4 Bxe4 10. Nxe4 f6 11. Bh4 Nh6 12. e6 Nb6 13. dxc5 dxc5 14. Qxd8+ Rxd8 15.
Nxc5 O-O 16. Nxa6 Rd6 17. O-O Nc4 18. Nc7 Nxb2 19. Rfe1 Rc6 20. Nd5 Nf5 21. Rab1
Nc4 22. Nd4 Nxd4 23. Nxe7+ Kh8 24. Nxc6 Nxc6 25. Rxb5 Ne7 26. Bf2 Re8 27. Reb1
Bf8 28. Bc5 Nc8 29. Bxf8 Rxf8 30. Rc5 N4d6 31. Rb8 Re8 32. Rc7 Rxe6 33. c4 1-0

[Event "Druzynowe Mistrzostwa Polski w Szachach I LIGA 2021"]
[Site "Szklarska Poreba"]
[Date "1899-12-30"]
[Round "4.2"]
[White "Pulpan, Jakub"]
[Black "Laurusas, Tomas"]
[Result "1/2-1/2"]
[WhiteTitle "IM"]
[BlackTitle "IM"]
[WhiteElo "2418"]
[BlackElo "2574"]

1. e4 c6 2. d4 d5 3. Nd2 dxe4 4. Nxe4 Bf5 5. Ng3 Bg6 6. N1e2 e6 7. Nf4 Qh4 8. c3
Nf6 9. Qf3 Nbd7 10. Be2 Bd6 11. Ngh5 Nxh5 12. Nxh5 O-O 13. g3 Qe7 14. Nf4 Bf5
15. Bd3 c5 16. O-O Bxd3 17. Nxd3 cxd4 18. cxd4 Nb6 19. Nc5 Nd5 20. Ne4 Rfc8 21.
Bg5 Qd7 22. Rac1 h6 23. Bd2 Be7 24. Nc3 Nxc3 25. Rxc3 Rxc3 26. Qxc3 Rc8 27. Qb3
Bf6 28. Be3 b5 29. Rd1 Rc4 30. Qa3 Be7 31. Qd3 Qd5 32. b3 Rc8 33. Rc1 Rxc1+ 34.
Bxc1 h5 35. h4 g6 36. Be3 Bd6 37. Qc3 Qf3 38. Kh2 Kh7 39. Qd3 b4 40. Qd2 Kg8 41.
Qe1 a5 42. Kg1 Kg7 43. Qd2 Be7 44. Qd3 Qd5 45. Qd2 Bf6 46. Bh6+ Kg8 47. Be3 Qe4
48. Kh2 Kf8 49. Kg1 Qc6 50. Bg5 Bg7 51. Qf4 Kg8 52. Qb8+ Kh7 53. Qa7 Qf3 54. Bf4
Kg8 55. Qb8+ Kh7 56. Qa7 Kg8 57. Qb8+ Kh7 58. Qa7 1/2-1/2

[Event "Druzynowe Mistrzostwa Polski w Szachach I LIGA 2021"]
[Site "Szklarska Poreba"]
[Date "1899-12-30"]
[Round "4.3"]
[White "Warakomski, Tomasz"]
[Black "Licznerski, Lukasz"]
[Result "1/2-1/2"]
[WhiteTitle "GM"]
[BlackTitle "FM"]
[WhiteElo "2513"]
[BlackElo "2387"]

1. e4 c6 2. c4 d5 3. exd5 cxd5 4. cxd5 Nf6 5. Nc3 Nxd5 6. Nf3 e6 7. d4 Be7 8. Bd3
Nc6 9. O-O O-O 10. Re1 Bf6 11. Be4 Nce7 12. Qd3 h6 13. Ne5 Nxc3 14. bxc3 Bxe5
15. dxe5 Qxd3 16. Bxd3 Bd7 17. Ba3 Rfe8 18. c4 Bc6 19. Rad1 Nf5 20. Bc2 Red8 21.
Rxd8+ Rxd8 22. Rd1 Nd4 23. Kf1 Rd7 24. Bb1 b6 25. Bb2 Nf5 26. Rxd7 Bxd7 27. Ke2
Bc6 28. g3 Kf8 29. Bc2 Ke8 30. Kd3 Kd7 31. Bd1 Bb7 32. h4 Ne7 33. Ba3 Nc6 34.
f4 Ne7 35. h5 g6 36. Bc1 Nf5 37. g4 Ng3 38. Ke3 gxh5 39. gxh5 Nf5+ 40. Kd3 Ng3
41. Be3 Bc6 42. Bf2 Nf5 43. Kc3 Kc7 44. Be2 Kb7 45. Kb4 Bg2 46. Bd1 Bh1 47. Be2
Bg2 48. Kb3 Be4 49. Kb4 Bg2 1/2-1/2

[Event "Druzynowe Mistrzostwa Polski w Szachach I LIGA 2021"]
[Site "Szklarska Poreba"]
[Date "1899-12-30"]
[Round "4.4"]
[White "Pinski, Jan"]
[Black "Kantans, Toms"]
[Result "0-1"]
[WhiteTitle "IM"]
[BlackTitle "GM"]
[WhiteElo "2337"]
[BlackElo "2481"]

1. e4 c5 2. c3 Nf6 3. e5 Nd5 4. d4 cxd4 5. Nf3 Nc6 6. cxd4 d6 7. Bc4 dxe5 8. Nxe5
e6 9. O-O Be7 10. Nxc6 bxc6 11. Nc3 O-O 12. Ne4 Qb6 13. b3 Rd8 14. Bb2 Nf6 15.
Ng5 Ba6 16. Qe2 Bxc4 17. Qxc4 Qb5 18. Qxb5 cxb5 19. Rac1 a5 20. Nf3 Bd6 21. Rc6
Nd5 22. Rfc1 f6 23. Bc3 a4 24. Bd2 axb3 25. axb3 Ra3 26. Rb1 Kf7 27. Kf1 g5 28.
h3 Ra2 29. Be3 h5 30. Bxg5 fxg5 31. Nxg5+ Ke7 32. Re1 Kd7 33. Rxd6+ Kxd6 34. Nf7+
Kd7 35. Nxd8 Kxd8 36. Rxe6 Nf4 37. Re1 Nd3 38. Re3 Rxf2+ 39. Kg1 Rd2 40. g4 h4
41. Rf3 Nc1 42. g5 Rxd4 43. Rf5 Ne2+ 44. Kg2 Nf4+ 45. Kf3 Nxh3 46. Rxb5 Ke7 47.
Rb7+ Ke6 48. g6 Ng5+ 49. Kf2 Rg4 50. g7 Nh3+ 51. Kf3 Rg3+ 52. Ke4 Kf6 53. b4 Ng5+
54. Kd5 Ne6 55. Rb6 Rg5+ 56. Ke4 Rxg7 57. Kf3 h3 0-1

[Event "Druzynowe Mistrzostwa Polski w Szachach I LIGA 2021"]
[Site "Szklarska Poreba"]
[Date "1899-12-30"]
[Round "4.5"]
[White "Schippers, Maurice"]
[Black "Lukasiewicz, Krzysztof"]
[Result "1-0"]
[WhiteTitle "FM"]
[BlackTitle "FM"]
[WhiteElo "2285"]
[BlackElo "2290"]

1. e4 c5 2. Nf3 d6 3. d4 Nf6 4. Nc3 cxd4 5. Nxd4 a6 6. g3 e5 7. Nb3 Be7 8. Bg2
O-O 9. O-O Be6 10. Re1 Qc7 11. Bg5 Nbd7 12. Nd2 b5 13. a3 h6 14. Bxf6 Nxf6 15.
Nf1 Rfc8 16. Ne3 Qc5 17. Re2 Bd8 18. Nf5 d5 19. Qd2 d4 20. Nd1 Ra7 21. b4 Qf8
22. Nb2 a5 23. Nd3 Bc4 24. Ree1 Bxd3 25. Qxd3 axb4 26. axb4 Rxa1 27. Rxa1 g6 28.
Nh4 Qxb4 29. Bf1 Kg7 30. Nf3 Rc3 31. Qd1 d3 32. Bxd3 Qc5 33. Qd2 Bb6 34. h3 b4
35. Rb1 Ra3 36. Kg2 Ra2 37. Qe2 Ra3 38. Nd2 Ba7 39. Nb3 Qc3 40. Nd2 Nd7 41. Nc4
Ra2 42. Nd6 Qc5 43. Bc4 Ra3 44. Rd1 Rc3 45. Bb3 Nf6 46. Nb5 Nxe4 47. Nxa7 Rxb3
48. Qxe4 Rc3 49. Rd5 Qxa7 50. Qxe5+ f6 51. Qe6 Rc7 52. Rd8 Qb7+ 53. Kg1 Rf7 54.
Qe8 1-0

[Event "Druzynowe Mistrzostwa Polski w Szachach I LIGA 2021"]
[Site "Szklarska Poreba"]
[Date "1899-12-30"]
[Round "4.6"]
[White "Michna, Marta"]
[Black "Warakomska, Anna"]
[Result "1/2-1/2"]
[WhiteTitle "WGM"]
[BlackTitle "WGM"]
[WhiteElo "2323"]
[BlackElo "2279"]

1. e4 e5 2. Nf3 Nc6 3. d3 Nf6 4. Be2 Bc5 5. O-O d6 6. c3 a6 7. a4 h6 8. b4 Ba7
9. Nbd2 O-O 10. Qc2 Re8 11. Rb1 Ne7 12. d4 Ng6 13. dxe5 dxe5 14. Nc4 Qe7 15. Be3
Bxe3 16. Nxe3 Nf4 17. Bc4 Ng4 18. Nd5 Nxd5 19. Bxd5 Nf6 20. Bc4 Be6 21. Qe2 Nh5
22. g3 Nf6 23. Rfe1 Bg4 24. Qe3 Rad8 25. Rbd1 Nh7 26. Be2 Nf6 27. Bc4 Nh7 28.
Be2 Nf6 29. Bc4 1/2-1/2

[Event "Druzynowe Mistrzostwa Polski w Szachach I LIGA 2021"]
[Site "Szklarska Poreba"]
[Date "1899-12-30"]
[Round "4.7"]
[White "Kosakowski, Jakub"]
[Black "Kovalenko, Igor"]
[Result "0-1"]
[WhiteTitle "IM"]
[BlackTitle "GM"]
[WhiteElo "2445"]
[BlackElo "2651"]

1. e4 e5 2. Nf3 Nc6 3. Bb5 a6 4. Ba4 Nf6 5. O-O Be7 6. Re1 b5 7. Bb3 d6 8. c3 O-O
9. h3 Bb7 10. d4 Re8 11. Nbd2 Bf8 12. a3 h6 13. Bc2 Qd7 14. b3 Rad8 15. d5 Ne7
16. c4 c6 17. Bd3 Rb8 18. Rb1 Ng6 19. Bf1 Be7 20. Bb2 Bd8 21. b4 cxd5 22. cxd5
Bb6 23. a4 Nf4 24. axb5 axb5 25. Nh2 h5 26. Ndf3 Ra8 27. Ng5 Ra2 28. g3 N4xd5
29. exd5 Qf5 30. Qd2 e4 31. Qf4 Qxf4 32. gxf4 e3 33. Kg2 Nxd5 34. Kg3 e2 35. Bxe2
h4+ 36. Kg4 Rxb2 37. Rxb2 Nf6+ 0-1

[Event "Druzynowe Mistrzostwa Polski w Szachach I LIGA 2021"]
[Site "Szklarska Poreba"]
[Date "1899-12-30"]
[Round "4.8"]
[White "Neiksans, Arturs"]
[Black "Pacan-milej, Kosma"]
[Result "1-0"]
[WhiteTitle "GM"]
[BlackTitle "FM"]
[WhiteElo "2565"]
[BlackElo "2401"]

1. e4 c5 2. Nf3 d6 3. Bb5+ Bd7 4. Bxd7+ Qxd7 5. c4 Nf6 6. Nc3 g6 7. d4 cxd4 8.
Nxd4 Bg7 9. f3 O-O 10. Be3 Nc6 11. O-O e6 12. Qd2 Rfd8 13. Rad1 a6 14. Na4 Rab8
15. Nb6 Qc7 16. Ne2 Nd7 17. Nxd7 Rxd7 18. Rc1 Qa5 19. Qxa5 Nxa5 20. b3 d5 21.
cxd5 exd5 22. Rc5 Nc6 23. Rxd5 Rxd5 24. exd5 Ne7 25. Rd1 Rd8 26. d6 Nf5 27. Bf4
Bf8 28. d7 Bd6 29. g4 Bxf4 30. Nxf4 Ne7 31. Rd6 Kf8 32. Nd3 Nc6 33. Nc5 Nb8 34.
Kf2 Ke7 35. Rb6 Nxd7 36. Rxb7 1-0

[Event "Druzynowe Mistrzostwa Polski w Szachach I LIGA 2021"]
[Site "Szklarska Poreba"]
[Date "1899-12-30"]
[Round "4.9"]
[White "Olsen, Filip Boe"]
[Black "Kolosowski, Mateusz"]
[Result "1/2-1/2"]
[WhiteTitle "IM"]
[BlackTitle "IM"]
[WhiteElo "2378"]
[BlackElo "2448"]

1. d4 Nf6 2. c4 g6 3. Nc3 d5 4. cxd5 Nxd5 5. e4 Nxc3 6. bxc3 Bg7 7. Nf3 c5 8. Bb5+
Nc6 9. d5 Qa5 10. Rb1 a6 11. Bxc6+ bxc6 12. O-O O-O 13. dxc6 Bg4 14. Bf4 Rac8
15. c7 e5 16. Be3 Qxc7 17. Qa4 Qc6 18. Qxc6 Rxc6 19. Rfd1 Be6 20. a4 f6 21. a5
Rfc8 22. Ne1 Bf8 23. f4 exf4 24. Bxf4 g5 25. Be3 Be7 26. Rb6 Kf7 27. Nf3 Rxb6
28. axb6 Rb8 29. Rb1 Rb7 30. e5 h6 31. exf6 Kxf6 32. h4 g4 33. Nd2 Kg6 34. Rb2
Bd5 35. c4 Bc6 36. Nb1 g3 37. Nc3 Bf6 38. Rb3 Bxc3 39. Rxc3 Rxb6 40. Bc1 Rb1 41.
Rxg3+ Kf5 42. Rc3 Ke4 43. Kf2 Kd4 44. Bd2 Rb2 45. Ke1 Bxg2 46. Ra3 Rb6 47. Rg3
Be4 48. Rg8 h5 49. Rg5 Bg6 50. Ke2 Re6+ 51. Kd1 Kxc4 52. Kc1 Kd4 53. Ba5 Kc4 54.
Bd2 Kb5 55. Bc3 a5 56. Bd4 Rc6 57. Kb2 Kb4 58. Bc3+ Ka4 59. Kc1 Kb5 60. Kb2 Rd6
61. Be5 Rd2+ 62. Kc1 Rd5 63. Bf6 Rxg5 64. Bxg5 Kc4 65. Kb2 Kd3 66. Bd8 a4 67.
Bf6 c4 68. Ka3 Kd2 69. Kxa4 c3 70. Ka3 Bf7 71. Bg7 1/2-1/2

[Event "Druzynowe Mistrzostwa Polski w Szachach I LIGA 2021"]
[Site "Szklarska Poreba"]
[Date "1899-12-30"]
[Round "4.10"]
[White "Sabuk, Piotr"]
[Black "Maksimenko, Andrei"]
[Result "1/2-1/2"]
[WhiteTitle "IM"]
[BlackTitle "GM"]
[WhiteElo "2393"]
[BlackElo "2460"]

1. d4 d5 2. c4 dxc4 3. e4 Nf6 4. e5 Nd5 5. Bxc4 Bf5 6. Qb3 c6 7. Nc3 e6 8. Bxd5
cxd5 9. Qxb7 Nd7 10. Nge2 Be7 11. O-O 1/2-1/2

[Event "Druzynowe Mistrzostwa Polski w Szachach I LIGA 2021"]
[Site "Szklarska Poreba"]
[Date "1899-12-30"]
[Round "4.11"]
[White "Jakubiec, Artur"]
[Black "Dubinski, Mateusz"]
[Result "1/2-1/2"]
[WhiteTitle "GM"]
[BlackTitle "FM"]
[WhiteElo "2438"]
[BlackElo "2223"]

1. g3 d5 2. Bg2 Nf6 3. Nf3 e6 4. O-O c5 5. c4 d4 6. b4 cxb4 7. a3 bxa3 8. Bxa3
Bxa3 9. Qa4+ Nc6 10. Ne5 Bd7 11. Nxc6 Qb6 12. Nxa3 Bxc6 13. Bxc6+ bxc6 14. Nc2
O-O 15. Rfb1 Qc5 16. d3 a5 17. Rb7 Rfc8 18. Ne1 e5 19. Qa3 Qxa3 20. Rxa3 Ne8 21.
Nf3 f6 22. Nd2 Rc7 23. Rxc7 Nxc7 24. Nb3 a4 25. Nc5 Ra5 26. Nb7 Ra8 27. Nc5 Ra5
28. Nb7 Ra8 1/2-1/2

[Event "Druzynowe Mistrzostwa Polski w Szachach I LIGA 2021"]
[Site "Szklarska Poreba"]
[Date "1899-12-30"]
[Round "4.12"]
[White "Toma, Katarzyna"]
[Black "Kubicka, Anna"]
[Result "1/2-1/2"]
[WhiteTitle "WGM"]
[BlackTitle "WIM"]
[WhiteElo "2289"]
[BlackElo "2274"]

1. e4 e5 2. Nf3 Nc6 3. d4 exd4 4. Nxd4 Nf6 5. Nc3 Bb4 6. Nxc6 bxc6 7. Bd3 d5 8.
exd5 cxd5 9. O-O O-O 10. Bg5 c6 11. Qf3 Bd6 12. h3 Rb8 13. Rab1 Re8 14. b3 Be5
15. Na4 Qd6 16. Rfe1 Bd7 17. c4 h6 18. Rxe5 Rxe5 19. Bf4 d4 20. c5 Qe7 21. Bxe5
Qxe5 22. Rd1 Re8 23. Bc4 Be6 24. Qd3 Bxc4 25. Qxc4 Rd8 26. Nb2 Qd5 27. Qxd5 Rxd5
28. Nd3 Ne4 29. b4 Nc3 30. Rd2 Kf8 31. f3 g5 32. Kf2 f5 33. Nc1 Kf7 34. Nb3 Kf6
35. Rxd4 Nxa2 36. Rxd5 cxd5 37. c6 Ke7 38. b5 Nc3 39. Nd4 f4 40. Ke1 Kd8 41. Kd2
Nb1+ 42. Kc2 Na3+ 43. Kb3 Nc4 44. Kb4 Kc7 45. Kc5 Ne3 46. Ne6+ Kc8 47. h4 gxh4
48. Nxf4 Nxg2 49. Nh3 Kc7 50. f4 Ne3 51. Kd4 Nf5+ 52. Kxd5 Nd6 53. Kc5 Nf5 54.
Nf2 1/2-1/2

[Event "Druzynowe Mistrzostwa Polski w Szachach I LIGA 2021"]
[Site "Szklarska Poreba"]
[Date "1899-12-30"]
[Round "4.13"]
[White "Zylka, Stanislaw"]
[Black "Antoniewski, Rafal"]
[Result "1-0"]
[WhiteTitle "FM"]
[BlackTitle "GM"]
[WhiteElo "2312"]
[BlackElo "2493"]

1. d4 Nf6 2. c4 g6 3. Nc3 Bg7 4. g3 O-O 5. Bg2 Nc6 6. Nf3 d5 7. cxd5 Nxd5 8. e4
Nxc3 9. bxc3 e5 10. d5 Na5 11. O-O c6 12. Re1 cxd5 13. exd5 Re8 14. Rb1 Bf5 15.
Rb4 Rc8 16. g4 Bd7 17. Be3 b6 18. Ng5 Nc4 19. Ne4 h6 20. Bc1 a5 21. Rb1 f5 22.
gxf5 gxf5 23. Ng3 e4 24. Qh5 Qf6 25. Kh1 Re7 26. Rg1 Ne5 27. Be3 b5 28. Bh3 Rf7
29. Bd4 Kf8 30. Ne2 Rc4 31. Nf4 Rxd4 32. cxd4 Nd3 33. Nxd3 exd3 34. Qf3 Qxd4 35.
Rb3 d2 36. Rd3 Qb2 37. d6 Be8 38. Qa8 Bd4 39. d7 Rxd7 40. Rg8+ 1-0

[Event "Druzynowe Mistrzostwa Polski w Szachach I LIGA 2021"]
[Site "Szklarska Poreba"]
[Date "1899-12-30"]
[Round "4.14"]
[White "Cyborowski, Lukasz"]
[Black "Nowak, Mikolaj"]
[Result "1/2-1/2"]
[WhiteTitle "GM"]
[BlackTitle "k++"]
[WhiteElo "2495"]
[BlackElo "2310"]

1. c4 e6 2. Nf3 Nf6 3. g3 b6 4. Bg2 Bb7 5. O-O Be7 6. b3 c5 7. Bb2 O-O 8. Nc3 d5
9. e3 dxc4 10. bxc4 Nc6 11. Qe2 Rc8 12. d3 Qc7 13. Rad1 Rfd8 14. Ne1 a6 15. f4
Na7 16. a4 Bxg2 17. Nxg2 Rb8 18. f5 exf5 19. Nf4 Qd7 20. Ncd5 Nxd5 21. Nxd5 Nc6
22. Qh5 Qe6 23. Rxf5 g6 24. Qh6 Bf8 25. Nf6+ Qxf6 26. Qxf8+ Kxf8 27. Rxf6 Rdc8
28. Bc3 Nd8 29. a5 Rc6 30. axb6 Rbxb6 31. Rxc6 Nxc6 32. d4 Rb3 33. d5 Nb4 34.
Bf6 Ke8 35. e4 Re3 36. e5 Nd3 37. Rd2 Nxe5 38. Bxe5 Rxe5 39. Ra2 Re4 40. Ra4 h5
41. h4 Re3 42. Kf2 Rc3 43. Rxa6 Rxc4 44. Rc6 Rc3 45. Rc7 c4 46. d6 Rd3 47. Rxc4
Rxd6 48. Re4+ Kf8 49. Ra4 Kg7 50. Rb4 Ra6 51. Rc4 Kf6 52. Rf4+ 1/2-1/2

[Event "Druzynowe Mistrzostwa Polski w Szachach I LIGA 2021"]
[Site "Szklarska Poreba"]
[Date "1899-12-30"]
[Round "4.15"]
[White "Tomaszewski, Kacper"]
[Black "Nurkiewicz, Maciej"]
[Result "1/2-1/2"]
[WhiteTitle "FM"]
[BlackTitle "m"]
[WhiteElo "2302"]
[BlackElo "2339"]

1. d4 Nf6 2. c4 c5 3. d5 b5 4. cxb5 a6 5. bxa6 g6 6. a7 Rxa7 7. Nc3 Bg7 8. e4 O-O
9. Nf3 e6 10. dxe6 fxe6 11. Qd6 Bb7 12. Qxc5 Ra5 13. Qb4 Ba8 14. Be2 Na6 15. Qd6
Nc5 16. e5 Nd5 17. Nxd5 Bxd5 18. Bg5 Qa8 19. Rc1 Rc8 20. b4 Bf8 21. Qb6 Rxa2 22.
bxc5 Rb8 23. Qc7 Ra7 24. Qxb8 Qxb8 25. O-O Rc7 26. Be3 Qc8 27. Rc3 Bxc5 28. Rfc1
Bb6 29. Rxc7 Bxc7 30. Bc4 Bxc4 31. Rxc4 Qb8 32. Bf4 Bb6 33. h4 Qa8 34. Rc2 Kg7
35. Bg5 h6 36. Bf6+ Kf7 37. Kh2 Qa4 38. Rd2 Bc5 39. Kg3 Ke8 40. Rb2 Qa7 41. Bg7
Bf8 42. Bxf8 Kxf8 43. Rd2 Ke7 44. Rd4 Qa1 45. Rg4 Qb1 46. Rd4 Qc2 47. Rd2 Qb1
1/2-1/2

[Event "Druzynowe Mistrzostwa Polski w Szachach I LIGA 2021"]
[Site "Szklarska Poreba"]
[Date "1899-12-30"]
[Round "4.16"]
[White "Bartel, Michal"]
[Black "Koziol, Kamil"]
[Result "1/2-1/2"]
[WhiteTitle "FM"]
[BlackTitle "FM"]
[WhiteElo "2181"]
[BlackElo "2276"]

1. e4 c5 2. Nf3 e6 3. d4 cxd4 4. Nxd4 Nf6 5. Bd3 Nc6 6. Nxc6 bxc6 7. Nd2 d5 8.
Qe2 Be7 9. b3 O-O 10. Bb2 dxe4 11. Nxe4 Nd5 12. Qg4 e5 13. Qg3 f5 14. Bxe5 g6
15. O-O-O Bh4 16. Qf3 fxe4 17. Qxe4 Bf5 18. Qc4 Bxf2 19. Qxc6 Rc8 20. Qa6 Qb6
21. Qxb6 Nxb6 22. c4 Bg4 23. Rdf1 Nd5 24. h3 Be6 25. Kd2 Ne7 26. Bd6 Bc5 27. Rxf8+
Kxf8 28. Rf1+ Ke8 29. Be5 Bb4+ 30. Ke3 Nf5+ 31. Kf4 Rd8 32. Be4 Rd2 33. g4 Nd6
34. Bc6+ Ke7 35. Ke3 Nf7 36. Bf6+ Kd6 37. Be8 Rxa2 38. Kf4 Bd2+ 39. Kg3 Ra3 40.
Rd1 Rxb3+ 41. Kf2 Rd3 42. Ke2 Rxh3 43. Rxd2+ Kc5 44. Bd4+ Kxc4 45. Bxf7 Bxf7 46.
Bxa7 g5 47. Rd4+ Kb5 48. Kf2 Kc6 49. Bb8 Rb3 50. Be5 Bd5 51. Ra4 Rf3+ 52. Ke2
Rf7 53. Ke3 Re7 54. Kd4 Bf3 55. Ra6+ Kb7 56. Rd6 Kc8 57. Rb6 Bxg4 58. Rb8+ Kd7
59. Bf6 Re6 60. Bxg5 h5 61. Rb5 Re1 62. Re5 Ra1 63. Re4 Ra4+ 64. Ke5 Ra5+ 65.
Kf6 Rf5+ 66. Kg6 Rf1 67. Rd4+ Ke6 68. Re4+ Kd5 69. Ra4 Bd1 70. Rf4 Rg1 71. Kf6
Re1 72. Rf5+ Kd4 73. Rf4+ Kd3 74. Rf5 Bg4 75. Rd5+ Kc4 76. Re5 Ra1 77. Re4+ Kd5
78. Re5+ Kd4 79. Be3+ Kd3 80. Bg5 Ra6+ 81. Kg7 Kd4 82. Bf6 Kd3 83. Bg5 Kc2 84.
Bf6 Kd1 85. Bh4 Rd6 86. Bf6 Be2 87. Re4 Ke1 88. Rf4 Bg4 89. Kg6 Ke2 90. Kg7 Bf3
91. Bd4 Ra6 92. Bc5 Ra5 93. Bb6 Rb5 94. Bd4 Rb3 95. Kf6 Kf1 96. Kg5 Kg2 97. Kh4
Rb1 98. Be5 Rh1+ 99. Kg5 Re1 100. Bd6 Rd1 101. Bc7 Rc1 102. Bd6 Rc6 103. Rd4 Kf2
104. Bf4 Rc8 105. Bd6 Rg8+ 106. Kh4 Rg6 107. Bb8 Ke3 108. Ba7 Ke2 109. Bb8 Rg4+
110. Rxg4 hxg4 111. Kg3 1/2-1/2